00643nam a22001817a 4500003000900000008004100009040007100050082002400121100001900145245008100164260005100245300002600296440003900322505003200361650001300393650002000406700003500426AR-CdUCM190328b ||||| |||| 00| 0 spa d aMUNICIPALIDAD PROVINCIAL DEL CUSCOcBIBLIOTECA MUNICIPAL DEL CUSCO a340.2 /bT13 / 1944 aTaft, Henry W. aCuriosidades Legales :bAspectos de la Vida Judicial de los Estados Unidos / aBuenos Aires :bGuillermo Kraft Ltda. ;c1944. a248 páginas ;c23cm aBiblioteca de Difusión Cultural  aContenido: Vida jurídica  aDerecho  aEstados Unidos  aPayro, Julio E. (traducción)